000 00455 a2200157 4500
999 _c3939
_d3939
020 _a9780073533311
050 _aPE 1417 MUL 2008
100 _aMuller, Gilbert H.
245 _aThe McGraw-hill reader
_bissues across the disciplines /
_cGilbert H. Muller
250 _a10th ed.
264 _aBoston
_bMcGraw-Hill
_c2008
300 _a915p.
500 _aincludes index
650 _aEnglish language---Rhetoric
942 _2lcc
_cBK
_e10th ed.
_h1417
_iMUL
_kPE